000 00547nam a22001817a 4500
999 _c185960
_d185960
005 20220211113248.0
010 _aENG-131529
020 _a9788123780412
_c70.00
035 _aEN-115061
037 _bDBAD
082 _a270
100 _aNaresh
245 _aSufism in India:
_bAn Overview/
_cNaresh
260 _aNew Delhi
_bNational Book Trust
_c2017
270 _aNehru Bhawan, 5 Institutional Area, Phase-II, Vasant Kunj
_bNew Delhi
_e110070
300 _avii, 70p.
_bBibliography
_c22cm(pbk)
942 _2ddc
_cEN
_h270
_mNAR